Представление документа в формате RUSMARC

ПолеНазваниеЗначение
  Тип записи a
  Библиографический уровень m
001 Контрольный номер RU/SLIB/B/208721145
005 Дата корректировки 20240515125722.0
010 Индекс ISBN __
d Цена 3-80
101 Язык документа 0_
a Язык текста rus
c Язык оригинала rus
200 Заглавие и сведения об ответственности 1_
a Заглавие Красная площадь
f Первые сведения об ответственности Александров Ю. Н.
b Общее обозначение материала Текст
e Сведения, относящиеся к заглавию люди. События. Памятники.
210 Выходные данные 1_
a Место издания М.
c Издательство Моск. рабочий
d Дата издания 1986
215 Физическое описание __
a Объем 400 с.
c Иллюстрации/тип воспроизводства ил.
605 Заглавие как предмет __
a Заглавие Красная площадь
606 Тематические рубрики __
a Основная рубрика История
y Географическая подрубрика СССР; Москва
606 Тематические рубрики __
a Основная рубрика История России в целом
610 Ключевые слова 0_
a Ключевые слова памятники; достопримечательности; историческая литература; исторические факты; площади; персоналии
686 Индексы других классификаций __
a Классификационный индекс 63.3(2-2Москва)л6
700 Автор _1
a Фамилия Александров
b Имя Ю. Н.
4 Код отношения 070
801 Источник записи _0
a Страна RU
b Организация Муниципальное бюджетное учреждение культуры "Централизованная библиотечная система" г. Сургут (Центральная городская библиотека им. А. С. Пушкина)
g Правила каталогизации КиК/Лебедева
801 Источник записи _1
a Страна RU
b Организация Муниципальное бюджетное учреждение культуры "Централизованная библиотечная система" г. Сургут (Центральная городская библиотека им. А. С. Пушкина)
g Правила каталогизации КиК/Лебедева
852 Данные о местонахождении __
j Шифр хранения 63.3(2-2Москва)л6
c Каталожный индекс 63.3(2-2Москва)л6
i Авторский знак А 46
p Инвентарный номер 36777
901 Тип документа __
t Тип документа m
903 Характеристики (МАРС) __
a Дата передачи 20010629
990 Данные о заказе (DOS) __
j Количество экземпляров (DOS) 1
t N записи в КСУ для И/У (DOS) 199101